000 00815nam a2200205 i 4500
001 114936
003 ES-MaACL
005 20230906190304.0
007 t|
008 070213s1949 sp ||||1| spa d
245 0 0 _aNormas sobre electrodos revestidos para la soldadura por arco metálico de hierro forjado y acero dulce y Clasificación de electrodos para la soldadura por arco.
260 _aMadrid :
_bConsejo Superior de Investigaciones Científicas,
_c1949.
300 _a16 p. :
_bil. ;
_c30 cm.
490 1 _aInstituto de la Soldadura: Publicaciones ;
_v5
500 _aNorma número 639-1935 de la British Standards Institution.
830 0 _aInstituto de la Soldadura: Publicaciones ;
_v5
_9185853
852 _aES-MaACL
_jC-56541
852 _aES-MaACL
_j1698-F-18
_bR.29030
999 _c114936
_d114936